[Event "Krasnodar Region-ch"]
[Site "Krasnodar"]
[Date "2011.10.18"]
[Round "5"]
[White "Fomichenko, Eduard"]
[Black "Panarin, Mikhail"]
[Result "1/2-1/2"]
[WhiteElo "2460"]
[BlackElo "2503"]
[PlyCount "80"]
[EventDate "2011.10.14"]
[EventType "swiss"]
[EventRounds "9"]
[EventCountry "RUS"]
[SourceTitle "EXT 2022"]
[Source "ChessBase"]
[SourceDate "2021.10.06"]
[SourceVersion "1"]
[SourceVersionDate "2021.10.06"]
[SourceQuality "1"]

1. Nf3 Nf6 2. c4 e6 3. g3 d5 4. Bg2 dxc4 5. Qa4+ Nbd7 6. Qxc4 c5 7. d3 Be7 8. Nc3 0-0 9. Qb3 a6 10. 0-0 Ra7 11. a4 b6 12. Bf4 Bb7 13. Rfd1 Nd5 14. Nxd5 Bxd5 15. Qc2 Qa8 16. e4 Bc6 17. Ne5 Nxe5 18. Bxe5 Rd8 19. Qb3 b5 20. axb5 axb5 21. Rxa7 Qxa7 22. Qc2 Qb7 23. b3 b4 24. Bb2 Bb5 25. d4 cxd4 26. Rxd4 Rxd4 27. Bxd4 Qd7 28. Be3 Bf6 29. Bf1 Bc6 30. Bc5 Bc3 31. Qd3 Qc8 32. Bb6 h6 33. f3 g5 34. Kf2 Qa8 35. Qa6 Qf8 36. Be3 Qd6 37. Qd3 Qc7 38. Qc4 Qd7 39. Be2 Kg7 40. Qd3 f5 1/2-1/2

[Event "Krasnodar Region-ch"]
[Site "Krasnodar"]
[Date "2011.10.16"]
[Round "3"]
[White "Fomichenko, Eduard"]
[Black "Rjabzev, Konstantin"]
[Result "1-0"]
[WhiteElo "2460"]
[BlackElo "2212"]
[PlyCount "129"]
[EventDate "2011.10.14"]
[EventType "swiss"]
[EventRounds "9"]
[EventCountry "RUS"]
[SourceTitle "EXT 2022"]
[Source "ChessBase"]
[SourceDate "2021.10.06"]
[SourceVersion "1"]
[SourceVersionDate "2021.10.06"]
[SourceQuality "1"]

1. Nf3 Nf6 2. c4 e6 3. g3 d5 4. d4 Bb4+ 5. Bd2 Be7 6. Bg2 0-0 7. 0-0 c6 8. Qc2 b6 9. b3 Bb7 10. Nc3 Nbd7 11. Rad1 Rc8 12. Bf4 Nh5 13. Bc1 f5 14. Qd3 Qe8 15. Ng5 Qg6 16. Nh3 Ba6 17. Nf4 Nxf4 18. Bxf4 c5 19. dxc5 Nxc5 20. Qe3 Bf6 21. Be5 dxc4 22. b4 Ne4 23. Bxf6 Qxf6 24. Bxe4 fxe4 25. Rd7 Ra8 26. b5 Bc8 27. Nxe4 Qe5 28. Qd4 Qxd4 29. Rxd4 a6 30. a4 axb5 31. axb5 Ra2 32. Nc3 Rc2 33. Rxc4 Bd7 34. Rc7 Rc8 35. Rxd7 R8xc3 36. Ra1 Rc1+ 37. Rxc1 Rxc1+ 38. Kg2 Rc5 39. Rd6 Rxb5 40. Rxe6 Kf7 41. Rc6 Rb1 42. f4 b5 43. e4 b4 44. Rc7+ Kf8 45. Rb7 b3 46. e5 b2 47. Kh3 h6 48. Kg4 g6 49. h4 Ke8 50. h5 Rh1 51. Rxb2 Rxh5 52. Rb6 Kf7 53. Rb7+ Kf8 54. Kf3 Rh1 55. Ke4 Ra1 56. e6 Ra5 57. g4 h5 58. f5 hxg4 59. f6 Ra8 60. Kf4 Re8 61. Rf7+ Kg8 62. Rg7+ Kh8 63. e7 Rc8 64. Rxg6 Kh7 65. Rxg4 1-0

[Event "Breizh Masters"]
[Site "Guingamp"]
[Date "2011.03.10"]
[Round "7"]
[White "Fomichenko, Eduard"]
[Black "Bouget, Alexandre"]
[Result "1-0"]
[WhiteElo "2456"]
[BlackElo "2189"]
[PlyCount "67"]
[EventDate "2011.03.04"]
[EventType "tourn"]
[EventRounds "9"]
[EventCountry "FRA"]
[EventCategory "4"]
[SourceTitle "EXT 2012"]
[Source "ChessBase"]
[SourceDate "2011.11.24"]
[SourceVersion "1"]
[SourceVersionDate "2011.11.24"]
[SourceQuality "1"]

1. Nf3 Nf6 2. c4 g6 3. Nc3 d5 4. Qa4+ Bd7 5. Qb3 dxc4 6. Qxc4 a6 7. e4 b5 8. Qe2 Bc6 9. d3 Bg7 10. Bg5 0-0 11. Qc2 Bb7 12. Be2 c5 13. 0-0 Nc6 14. Rac1 Nd7 15. Qd2 Nd4 16. Nxd4 Bxd4 17. Bd1 Ne5 18. Kh1 c4 19. dxc4 Nxc4 20. Qe2 Rc8 21. Bb3 Nxb2 22. Nd5 Bxd5 23. exd5 Rxc1 24. Rxc1 Re8 25. Rc2 Na4 26. Qd2 Bf6 27. Be3 Qd7 28. Rc6 Qf5 29. h3 Rd8 30. Qa5 Rxd5 31. Bxd5 Qxd5 32. Bh6 Qd1+ 33. Kh2 Be5+ 34. f4 1-0

[Event "Breizh Masters"]
[Site "Guingamp"]
[Date "2011.03.07"]
[Round "4"]
[White "Genov, Petar"]
[Black "Fomichenko, Eduard"]
[Result "1/2-1/2"]
[WhiteElo "2437"]
[BlackElo "2456"]
[PlyCount "75"]
[EventDate "2011.03.04"]
[EventType "tourn"]
[EventRounds "9"]
[EventCountry "FRA"]
[EventCategory "4"]
[SourceTitle "EXT 2012"]
[Source "ChessBase"]
[SourceDate "2011.11.24"]
[SourceVersion "1"]
[SourceVersionDate "2011.11.24"]
[SourceQuality "1"]

1. d4 Nf6 2. c4 e6 3. Nc3 d5 4. cxd5 exd5 5. Bg5 Be7 6. e3 c6 7. Qc2 0-0 8. Bd3 Nbd7 9. Nge2 Re8 10. f3 Nf8 11. 0-0 Be6 12. Rad1 Nh5 13. Bxe7 Qxe7 14. e4 g6 15. e5 Ng7 16. f4 Bf5 17. Bxf5 Nxf5 18. Qd3 Ng7 19. g4 f5 20. gxf5 Nxf5 21. Ng3 Qf7 22. Nce2 Ne6 23. Nxf5 gxf5 24. Kh1 Kh8 25. Qh3 Rg8 26. Rg1 Rxg1+ 27. Rxg1 Rg8 28. Rg3 Rg6 29. Kg1 Kg7 30. Qg2 Qf8 31. Kf1 Qf7 32. a3 Kg8 33. Qh3 Kg7 34. Qh4 Kg8 35. Rh3 Rg4 36. Rg3 Rg6 37. Qh6 Ng7 38. Qh4 1/2-1/2

[Event "Krasnodar Region-ch"]
[Site "Krasnodar"]
[Date "2010.10.24"]
[Round "9"]
[White "Fomichenko, Eduard"]
[Black "Bondarev, Boris"]
[Result "1-0"]
[WhiteElo "2465"]
[BlackElo "2054"]
[PlyCount "77"]
[EventDate "2010.10.16"]
[EventType "swiss"]
[EventRounds "9"]
[EventCountry "RUS"]
[SourceTitle "EXT 2022"]
[Source "ChessBase"]
[SourceDate "2021.10.06"]
[SourceVersion "1"]
[SourceVersionDate "2021.10.06"]
[SourceQuality "1"]

1. Nf3 c5 2. c4 Nc6 3. Nc3 Nf6 4. d4 cxd4 5. Nxd4 g6 6. e4 d6 7. Be2 Bg7 8. Be3 0-0 9. 0-0 Nd7 10. Qd2 Nc5 11. Rfd1 Ne6 12. Nc2 b6 13. b4 Bb7 14. Rac1 Rc8 15. f4 Nc7 16. Bf3 Ne8 17. Qe1 e6 18. Nb5 Qe7 19. Qd2 Rd8 20. Bf2 Bh6 21. Be3 e5 22. f5 Bxe3+ 23. Qxe3 Ba6 24. Nc3 Bxc4 25. Na3 b5 26. Nxc4 bxc4 27. Nd5 Qh4 28. Rxc4 Nd4 29. g3 Qg5 30. Qf2 Nxf3+ 31. Qxf3 h5 32. h4 Qh6 33. f6 g5 34. hxg5 Qxg5 35. Rc2 Rd7 36. Rh2 Nc7 37. Rxh5 Qg6 38. Qh1 Qxg3+ 39. Kf1 1-0

[Event "Krasnodar Region-ch"]
[Site "Krasnodar"]
[Date "2010.10.23"]
[Round "8"]
[White "Gochelashvili, David"]
[Black "Fomichenko, Eduard"]
[Result "1-0"]
[WhiteElo "2447"]
[BlackElo "2465"]
[PlyCount "59"]
[EventDate "2010.10.16"]
[EventType "swiss"]
[EventRounds "9"]
[EventCountry "RUS"]
[SourceTitle "EXT 2022"]
[Source "ChessBase"]
[SourceDate "2021.10.06"]
[SourceVersion "1"]
[SourceVersionDate "2021.10.06"]
[SourceQuality "1"]

1. e4 c5 2. Nf3 e6 3. d4 cxd4 4. Nxd4 a6 5. Nc3 Qc7 6. Be2 Nf6 7. 0-0 b5 8. Bf3 Bb7 9. e5 b4 10. exf6 bxc3 11. Bxb7 Qxb7 12. fxg7 Bxg7 13. bxc3 0-0 14. Qh5 Qe4 15. Bh6 Qg6 16. Qf3 Ra7 17. Bxg7 Qxg7 18. Rab1 d5 19. Rb4 Rc7 20. Nc6 Rxc6 21. Rg4 Qg6 22. h4 Rc4 23. Rxg6+ hxg6 24. Rb1 Nd7 25. h5 Kg7 26. Rb7 Nc5 27. Rc7 Na4 28. Rxc4 dxc4 29. hxg6 fxg6 30. Qb7+ 1-0

[Event "Brasschaat 02nd"]
[Site "Brasschaat"]
[Date "2010.08.16"]
[Round "3"]
[White "Fomichenko, Eduard"]
[Black "De Vos, Nils"]
[Result "0-1"]
[WhiteElo "2458"]
[BlackElo "2237"]
[PlyCount "80"]
[EventDate "2010.08.14"]
[EventType "tourn"]
[EventRounds "9"]
[EventCountry "BEL"]
[EventCategory "5"]
[SourceTitle "CBM 138 Extra"]
[Source "ChessBase"]
[SourceDate "2010.10.29"]
[SourceVersion "1"]
[SourceVersionDate "2010.10.29"]
[SourceQuality "1"]

1. e4 e5 2. Nf3 Nc6 3. Nc3 Nf6 4. d4 exd4 5. Nxd4 Bc5 6. Nxc6 bxc6 7. Bd3 d6 8. Na4 Bb6 9. 0-0 0-0 10. Bf4 Re8 11. Re1 Bg4 12. Qd2 Nd7 13. Bg5 f6 14. Bh4 Ne5 15. Bf1 Be6 16. Qc3 Bf7 17. Bg3 Qd7 18. Rad1 Rad8 19. b3 Bg6 20. Ba6 Nf7 21. Bb7 Bxe4 22. Re2 Bd5 23. Red2 Rb8 24. Ba6 Ng5 25. Bd3 Qg4 26. Nxb6 axb6 27. h4 Nh3+ 28. Kh2 Nxf2 29. Rxf2 Qxd1 30. Bc4 Bxc4 31. Qxc4+ Qd5 32. Qg4 Qe6 33. Qf3 Qe4 34. Qc3 c5 35. Rf4 Qg6 36. Qc4+ Qf7 37. Qb5 Re7 38. a4 Rbe8 39. a5 bxa5 40. Qxa5 Re4 0-1

[Event "Brasschaat 02nd"]
[Site "Brasschaat"]
[Date "2010.08.14"]
[Round "1"]
[White "Fomichenko, Eduard"]
[Black "Lahaye, Rick"]
[Result "1-0"]
[WhiteElo "2458"]
[BlackElo "2376"]
[PlyCount "45"]
[EventDate "2010.08.14"]
[EventType "tourn"]
[EventRounds "9"]
[EventCountry "BEL"]
[EventCategory "5"]
[SourceTitle "CBM 138 Extra"]
[Source "ChessBase"]
[SourceDate "2010.10.29"]
[SourceVersion "1"]
[SourceVersionDate "2010.10.29"]
[SourceQuality "1"]

1. Nf3 d5 2. d4 c6 3. c4 Nf6 4. Nc3 a6 5. e3 e6 6. Qc2 Nbd7 7. Bd2 Be7 8. e4 dxe4 9. Nxe4 c5 10. Nxc5 Nxc5 11. dxc5 Bxc5 12. Bd3 a5 13. 0-0 b6 14. Bc3 Bb7 15. Ne5 Qc7 16. Rad1 Rd8 17. Rfe1 Bd4 18. Bxd4 Rxd4 19. Qc3 Rd6 20. c5 bxc5 21. Bb5+ Ke7 22. Qg3 Bd5 23. Rxd5 1-0

[Event "Avoine op 25th"]
[Site "Avoine"]
[Date "2010.07.22"]
[Round "6"]
[White "Fomichenko, Svetlana"]
[Black "Fomichenko, Eduard"]
[Result "0-1"]
[WhiteElo "2217"]
[BlackElo "2515"]
[PlyCount "86"]
[EventDate "2010.07.17"]
[EventType "swiss"]
[EventRounds "9"]
[EventCountry "FRA"]
[SourceTitle "EXT 2011"]
[Source "ChessBase"]
[SourceDate "2010.11.26"]
[SourceVersion "1"]
[SourceVersionDate "2010.11.26"]
[SourceQuality "1"]

1. e4 e5 2. Nf3 Nc6 3. Bb5 a6 4. Bxc6 dxc6 5. d4 exd4 6. Qxd4 Qxd4 7. Nxd4 Bd7 8. Nc3 0-0-0 9. Be3 Bb4 10. Nde2 Re8 11. 0-0-0 f5 12. exf5 Bxf5 13. a3 Bd6 14. Ng3 Bg4 15. Rde1 Nf6 16. Kb1 Be5 17. Bd2 Rhf8 18. f3 Bd7 19. Nge4 Nd5 20. Rhf1 h6 21. h4 Bf5 22. h5 Bh7 23. Nxd5 cxd5 24. Nc3 c6 25. Re2 Bg3 26. Be3 Bh4 27. Bd4 Rxe2 28. Nxe2 Bf6 29. Bxf6 Rxf6 30. Kc1 Kd7 31. Kd2 c5 32. Nc3 d4 33. Nd1 Re6 34. g4 Kd6 35. b3 b5 36. f4 Re4 37. g5 Bf5 38. gxh6 gxh6 39. Rg1 Rxf4 40. Rg8 Rh4 41. Ra8 Kd5 42. c3 Rh2+ 43. Ke1 Bc2 0-1

[Event "Condom"]
[Site "Condom"]
[Date "2010.07.14"]
[Round "5"]
[White "Fomichenko, Eduard"]
[Black "Hamdouchi, Adina Maria"]
[Result "1-0"]
[WhiteElo "2458"]
[BlackElo "2319"]
[PlyCount "81"]
[EventDate "2010.07.??"]
[EventType "tourn"]
[EventRounds "9"]
[EventCountry "FRA"]
[SourceTitle "EXT 2011"]
[Source "ChessBase"]
[SourceDate "2010.11.26"]
[SourceVersion "1"]
[SourceVersionDate "2010.11.26"]
[SourceQuality "1"]

1. Nf3 Nf6 2. c4 g6 3. Nc3 Bg7 4. e4 d6 5. d4 0-0 6. Be2 e5 7. 0-0 Na6 8. Re1 c6 9. Bf1 Bg4 10. d5 c5 11. Be2 Nc7 12. Bg5 h6 13. Be3 Rb8 14. Rb1 Bd7 15. Nd2 Nh7 16. b4 f5 17. f3 f4 18. Bf2 b6 19. Nb5 Nxb5 20. cxb5 Bf6 21. a4 Bh4 22. Bxh4 Qxh4 23. Nc4 Qf6 24. bxc5 dxc5 25. Rb3 h5 26. Qa1 Rfe8 27. a5 Ng5 28. axb6 axb6 29. Qa7 Red8 30. Ra1 Nf7 31. Ra6 Qg5 32. Nxb6 Bh3 33. Bf1 Nd6 34. Qc7 c4 35. Ra7 Qf6 36. Nxc4 Nxb5 37. Rxb5 Rxb5 38. Nxe5 Rd7 39. Qc8+ Rd8 40. Qc6 Be6 41. Bxb5 1-0

[Event "Condom"]
[Site "Condom"]
[Date "2010.07.10"]
[Round "1"]
[White "Fomichenko, Eduard"]
[Black "Fomichenko, Svetlana"]
[Result "1-0"]
[WhiteElo "2458"]
[BlackElo "2217"]
[PlyCount "53"]
[EventDate "2010.07.??"]
[EventType "tourn"]
[EventRounds "9"]
[EventCountry "FRA"]
[SourceTitle "EXT 2011"]
[Source "ChessBase"]
[SourceDate "2010.11.26"]
[SourceVersion "1"]
[SourceVersionDate "2010.11.26"]
[SourceQuality "1"]

1. d4 f5 2. g3 Nf6 3. Bg2 e6 4. Nf3 Be7 5. 0-0 0-0 6. c4 d6 7. Nc3 Qe8 8. Re1 Qg6 9. e4 fxe4 10. Nxe4 Nxe4 11. Rxe4 Nc6 12. Re1 Bf6 13. Bf4 Kh8 14. Qd2 Bd7 15. c5 Nxd4 16. Nxd4 e5 17. Be3 exd4 18. Bxd4 Rad8 19. Bxf6 Qxf6 20. cxd6 cxd6 21. Rac1 Rde8 22. Rxe8 Rxe8 23. h4 h6 24. Rc7 Bg4 25. Rxb7 Re2 26. Qf4 Qxf4 27. gxf4 1-0

[Event "La Fere op"]
[Site "La Fere"]
[Date "2010.07.06"]
[Round "5"]
[White "Degraeve, Jean Marc"]
[Black "Fomichenko, Eduard"]
[Result "0-1"]
[WhiteElo "2563"]
[BlackElo "2462"]
[PlyCount "96"]
[EventDate "2010.07.03"]
[EventType "swiss"]
[EventRounds "9"]
[EventCountry "FRA"]
[SourceTitle "CBM 137 Extra"]
[Source "ChessBase"]
[SourceDate "2010.09.01"]
[SourceVersion "1"]
[SourceVersionDate "2010.09.01"]
[SourceQuality "1"]

1. e4 c5 2. Nf3 e6 3. d4 cxd4 4. Nxd4 Nc6 5. Nc3 Qc7 6. Be3 Nf6 7. Qd2 Bb4 8. f3 Nxd4 9. Qxd4 Bxc3+ 10. bxc3 e5 11. Qb4 d6 12. 0-0-0 0-0 13. Rxd6 Be6 14. Kb2 Rfc8 15. c4 Nd7 16. Rd2 Nf8 17. c5 b6 18. cxb6 axb6 19. a3 Nd7 20. Bb5 Nc5 21. Rhd1 Na6 22. Bxa6 Rxa6 23. Kc1 h6 24. Qb2 b5 25. f4 exf4 26. Bd4 f6 27. Rf1 Bc4 28. Rf3 Re6 29. g3 Rxe4 30. gxf4 Rxf4 31. Qc3 Rxf3 32. Qxf3 Qc6 33. Qg3 Bd5 34. Bxf6 Qxf6 35. Rxd5 Qa1+ 36. Kd2 Rxc2+ 37. Kxc2 Qa2+ 38. Kc3 Qc4+ 39. Kb2 Qxd5 40. Qc7 h5 41. Kc3 Qa8 42. Qe7 Qf8 43. Qe6+ Kh7 44. Qe4+ g6 45. Kb3 Qc5 46. Qf4 Kg7 47. h4 g5 48. Qe4 Qc4+ 0-1

[Event "La Fere op"]
[Site "La Fere"]
[Date "2010.07.05"]
[Round "4"]
[White "Fomichenko, Eduard"]
[Black "Colin, Vincent"]
[Result "1/2-1/2"]
[WhiteElo "2462"]
[BlackElo "2445"]
[PlyCount "72"]
[EventDate "2010.07.03"]
[EventType "swiss"]
[EventRounds "9"]
[EventCountry "FRA"]
[SourceTitle "CBM 137 Extra"]
[Source "ChessBase"]
[SourceDate "2010.09.01"]
[SourceVersion "1"]
[SourceVersionDate "2010.09.01"]
[SourceQuality "1"]

1. Nf3 Nf6 2. c4 g6 3. Nc3 Bg7 4. e4 d6 5. d4 0-0 6. Be2 Na6 7. 0-0 e5 8. Re1 Qe8 9. Bf1 Bg4 10. d5 Nb4 11. Be2 a5 12. b3 Na6 13. Bg5 Nh5 14. Nd2 Bxe2 15. Nxe2 f5 16. f3 Bf6 17. Bxf6 Nxf6 18. exf5 gxf5 19. Nd4 Nd7 20. Nf1 Qg6 21. Ne6 Rf6 22. f4 e4 23. Re3 Qf7 24. Rg3+ Rg6 25. Ne3 Rxg3 26. hxg3 Qg6 27. g4 fxg4 28. f5 Qg5 29. Nxg4 Nac5 30. Qe2 e3 31. Rf1 Ne4 32. Qxe3 Qxg4 33. Rf4 Qd1+ 34. Rf1 Qg4 35. Rf4 Qd1+ 36. Rf1 Qg4 1/2-1/2

[Event "La Fere op"]
[Site "La Fere"]
[Date "2010.07.05"]
[Round "3"]
[White "Fomichenko, Svetlana"]
[Black "Fomichenko, Eduard"]
[Result "0-1"]
[WhiteElo "2218"]
[BlackElo "2462"]
[PlyCount "84"]
[EventDate "2010.07.03"]
[EventType "swiss"]
[EventRounds "9"]
[EventCountry "FRA"]
[SourceTitle "CBM 137 Extra"]
[Source "ChessBase"]
[SourceDate "2010.09.01"]
[SourceVersion "1"]
[SourceVersionDate "2010.09.01"]
[SourceQuality "1"]

1. e4 e5 2. Nf3 Nc6 3. Bb5 a6 4. Ba4 Nf6 5. 0-0 Nxe4 6. d4 b5 7. Bb3 d5 8. dxe5 Be6 9. Nbd2 Nc5 10. c3 d4 11. Ng5 Qxg5 12. Qf3 0-0-0 13. Bxe6+ fxe6 14. Qxc6 Qxe5 15. b4 Qd5 16. Qxd5 exd5 17. bxc5 dxc3 18. Nb3 d4 19. Rd1 d3 20. Be3 c2 21. Rd2 Be7 22. Bd4 Rxd4 23. Nxd4 Bg5 24. Rxd3 Rd8 25. Rc3 c1Q+ 26. Raxc1 Bxc1 27. Rxc1 Rxd4 28. Kf1 Rd2 29. a3 Rd3 30. Ra1 Kb7 31. Ke2 Rd5 32. Rc1 Kc6 33. Rc3 Rxc5 34. Rf3 Re5+ 35. Kd3 Re7 36. Kc3 Kb6 37. h4 c5 38. g3 Ka5 39. Rf5 c4 40. Rd5 Ka4 41. Rd1 Rf7 42. f4 Re7 0-1

[Event "Nancy-B"]
[Site "Nancy"]
[Date "2010.02.26"]
[Round "7"]
[White "Fomichenko, Eduard"]
[Black "Henris, Luc"]
[Result "1-0"]
[WhiteElo "2515"]
[BlackElo "2302"]
[PlyCount "43"]
[EventDate "2010.02.22"]
[EventType "tourn"]
[EventRounds "9"]
[EventCountry "FRA"]
[EventCategory "5"]
[SourceTitle "CBM 135 Extra"]
[Source "ChessBase"]
[SourceDate "2010.05.04"]
[SourceVersion "1"]
[SourceVersionDate "2010.05.04"]
[SourceQuality "1"]

1. c4 f5 2. Nf3 Nf6 3. g3 d6 4. d4 e6 5. Bg2 Be7 6. 0-0 0-0 7. b3 Ne4 8. Qc2 Bf6 9. Bb2 Nc6 10. Rd1 Qe7 11. e3 e5 12. Na3 Bd7 13. c5 exd4 14. cxd6 Nxd6 15. Nxd4 Ne4 16. Nc4 Nxd4 17. Bxd4 c5 18. Bxf6 Qxf6 19. Rac1 Rad8 20. f4 Bc6 21. Ne5 b6 22. Qc4+ 1-0

[Event "Nancy-B"]
[Site "Nancy"]
[Date "2010.02.23"]
[Round "2"]
[White "Fomichenko, Eduard"]
[Black "Iglesias, Yosha"]
[Result "1-0"]
[WhiteElo "2515"]
[BlackElo "2284"]
[PlyCount "121"]
[EventDate "2010.02.22"]
[EventType "tourn"]
[EventRounds "9"]
[EventCountry "FRA"]
[EventCategory "5"]
[SourceTitle "CBM 135 Extra"]
[Source "ChessBase"]
[SourceDate "2010.05.04"]
[SourceVersion "1"]
[SourceVersionDate "2010.05.04"]
[SourceQuality "1"]

1. c4 Nf6 2. Nf3 c5 3. Nc3 g6 4. d4 Bg7 5. e4 0-0 6. Be2 d6 7. 0-0 Bg4 8. d5 Ne8 9. Bd2 Nc7 10. Re1 Re8 11. Bf1 e6 12. h3 Bxf3 13. Qxf3 Nd7 14. Qg3 Qe7 15. Kh1 Qf8 16. Rab1 Rab8 17. Bf4 e5 18. Bd2 Bh6 19. Qd3 Qg7 20. a3 Bxd2 21. Qxd2 f5 22. b4 b6 23. Qc2 f4 24. Be2 h5 25. Qa4 Rec8 26. Rb2 Qe7 27. Reb1 Kf8 28. Qd1 Rb7 29. Bd3 Rcb8 30. Bc2 b5 31. bxc5 Nxc5 32. cxb5 a6 33. a4 axb5 34. axb5 Na8 35. Na2 Qf7 36. Qe2 Nb6 37. Nb4 Kg7 38. Ra2 Rf8 39. Ra3 Kh6 40. Nc6 Qd7 41. Bd1 Rg8 42. Rba1 Rg7 43. Qc2 Qe8 44. Bf3 g5 45. Qe2 Qg6 46. g4 h4 47. Rc1 Qe8 48. Qc2 Kg6 49. Be2 Kf6 50. f3 Rgc7 51. Qa2 Rg7 52. Qa1 Rbc7 53. Rc2 Rgd7 54. Kg2 Rf7 55. Qc3 Rfd7 56. Qb4 Rb7 57. Ra5 Rdc7 58. Rxc5 dxc5 59. Qxc5 Rd7 60. Ra6 Na8 61. Nxe5+ 1-0

[Event "Nancy-B"]
[Site "Nancy"]
[Date "2010.02.23"]
[Round "3"]
[White "Genzling, Alain"]
[Black "Fomichenko, Eduard"]
[Result "1/2-1/2"]
[WhiteElo "2398"]
[BlackElo "2515"]
[PlyCount "56"]
[EventDate "2010.02.22"]
[EventType "tourn"]
[EventRounds "9"]
[EventCountry "FRA"]
[EventCategory "5"]
[SourceTitle "CBM 135 Extra"]
[Source "ChessBase"]
[SourceDate "2010.05.04"]
[SourceVersion "1"]
[SourceVersionDate "2010.05.04"]
[SourceQuality "1"]

1. e4 c5 2. Nf3 e6 3. d4 cxd4 4. Nxd4 Nc6 5. Nc3 Qc7 6. g3 a6 7. Bg2 Nf6 8. 0-0 Be7 9. Re1 0-0 10. Nxc6 dxc6 11. e5 Rd8 12. Qf3 Nd5 13. h4 h6 14. Qg4 Kf8 15. Qe4 Kg8 16. Qg4 Kf8 17. Bf1 Nxc3 18. bxc3 b6 19. Qe4 Ke8 20. a4 Bb7 21. Bg2 Rab8 22. c4 c5 23. Qh7 Bxg2 24. Kxg2 Qc6+ 25. Kg1 Bf8 26. Be3 Rd7 27. c3 Rbd8 28. Qc2 Rb7 1/2-1/2

[Event "Poltavskaya"]
[Site "Poltavskaya"]
[Date "2010.??.??"]
[Round "9"]
[White "Fomichenko, Eduard"]
[Black "Fomichenko, Svetlana"]
[Result "1-0"]
[WhiteElo "2460"]
[BlackElo "2215"]
[PlyCount "95"]
[EventDate "2010.??.??"]
[EventType "tourn"]
[EventRounds "11"]
[EventCountry "RUS"]
[EventCategory "1"]
[SourceTitle "EXT 2012"]
[Source "ChessBase"]
[SourceDate "2011.11.24"]
[SourceVersion "1"]
[SourceVersionDate "2011.11.24"]
[SourceQuality "1"]

1. Nf3 Nf6 2. c4 e6 3. g3 b6 4. Bg2 Bb7 5. 0-0 Be7 6. Nc3 0-0 7. Re1 d5 8. cxd5 Nxd5 9. e4 Nxc3 10. bxc3 c5 11. d4 cxd4 12. cxd4 Nd7 13. Bb2 Bf6 14. h4 b5 15. Qd3 a6 16. e5 Bxf3 17. Qxf3 Be7 18. Qxa8 Qxa8 19. Bxa8 Rxa8 20. d5 exd5 21. Bd4 Nf8 22. f4 Ne6 23. Bf2 g6 24. Red1 Rd8 25. Rac1 h5 26. Kg2 d4 27. Kf3 a5 28. Rc6 a4 29. Rdc1 Kg7 30. Ke4 b4 31. R6c4 d3 32. Rd1 d2 33. Rc2 b3 34. axb3 axb3 35. Rcxd2 Rc8 36. Rb2 Rc4+ 37. Kd3 Rb4 38. Rdb1 Bc5 39. Be1 Rd4+ 40. Ke2 Re4+ 41. Kf3 Re3+ 42. Kg2 Nd4 43. Bf2 Rd3 44. Bxd4 Bxd4 45. Rxb3 Rd2+ 46. Kf3 Rh2 47. Ke4 Bf2 48. e6 1-0

[Event "Poltavskaya"]
[Site "Poltavskaya"]
[Date "2010.??.??"]
[Round "4"]
[White "Ponomarev, Dmitry"]
[Black "Fomichenko, Eduard"]
[Result "1/2-1/2"]
[WhiteElo "2365"]
[BlackElo "2460"]
[PlyCount "26"]
[EventDate "2010.??.??"]
[EventType "tourn"]
[EventRounds "11"]
[EventCountry "RUS"]
[EventCategory "1"]
[SourceTitle "EXT 2012"]
[Source "ChessBase"]
[SourceDate "2011.11.24"]
[SourceVersion "1"]
[SourceVersionDate "2011.11.24"]
[SourceQuality "1"]

1. d4 d5 2. c4 c6 3. Nc3 Nf6 4. cxd5 cxd5 5. Nf3 Nc6 6. Bf4 Bf5 7. e3 e6 8. Bb5 Nd7 9. 0-0 Rc8 10. Qa4 a6 11. Bxc6 Rxc6 12. Rfc1 Be7 13. Ne2 Bd3 1/2-1/2

[Event "Roux CREC op"]
[Site "Roux"]
[Date "2009.07.29"]
[Round "6"]
[White "Fomichenko, Eduard"]
[Black "Rausis, Igors"]
[Result "1/2-1/2"]
[WhiteElo "2512"]
[BlackElo "2512"]
[PlyCount "22"]
[EventDate "2009.07.25"]
[EventType "swiss"]
[EventRounds "9"]
[EventCountry "BEL"]
[SourceTitle "EXT 2010"]
[Source "ChessBase"]
[SourceDate "2010.11.25"]
[SourceVersion "1"]
[SourceVersionDate "2010.11.25"]
[SourceQuality "1"]

1. Nf3 d5 2. d4 Bg4 3. c4 e6 4. Qb3 Nc6 5. c5 Rb8 6. Bf4 f6 7. e3 g5 8. Bg3 Nge7 9. Nc3 Kf7 10. Qa4 a6 11. Be2 h5 1/2-1/2